[Event "Aeroflot Open 2006"]
[Site "Moscu RUS"]
[Date "2006.02.08"]
[Round "1.4"]
[White "Malakhov, Vladimir"]
[Black "David, Alberto"]
[Result "1-0"]
[WhiteElo "2694"]
[BlackElo "2591"]
[PlyCount "55"]
[EventDate "2006.02.08"]
[EventType "swiss"]
[EventRounds "9"]
[EventCountry "RUS"]
[Source "lmi"]
[SourceDate "2006.02.18"]

1. e4 c5 2. Nf3 Nc6 3. Bb5 g6 4. Bxc6 dxc6 5. d3 Bg7 6. h3 Nf6 7. Nc3 Nd7 8.
Be3 e5 9. Qd2 h6 10. O-O Qe7 11. a3 Nf8 12. b4 Ne6 13. bxc5 f5 14. exf5 gxf5
15. Qe1 O-O 16. Rb1 Rf7 17. Na4 f4 18. Bc1 Ng5 19. Nxg5 Qxg5 20. Kh2 Qh5 21.
Rg1 Bf6 22. Nc3 Rg7 23. Ne4 Bh4 24. Bb2 Be6 25. Qc3 Ba2 26. Ra1 Bd5 27. Qxe5
Qxe5 28. Bxe5 1-0

[Event "Aeroflot Open 2006"]
[Site "Moscu RUS"]
[Date "2006.02.08"]
[Round "1.8"]
[White "Jakovenko, Dmitry"]
[Black "Stefansson, Hannes"]
[Result "1-0"]
[WhiteElo "2662"]
[BlackElo "2585"]
[PlyCount "73"]
[EventDate "2006.02.08"]
[EventType "swiss"]
[EventRounds "9"]
[EventCountry "RUS"]
[Source "lmi"]
[SourceDate "2006.02.18"]

1. e4 e5 2. Nf3 Nc6 3. Bb5 Nf6 4. O-O Nxe4 5. d4 Nd6 6. Bxc6 dxc6 7. dxe5 Nf5
8. Qxd8+ Kxd8 9. Nc3 h6 10. h3 Bd7 11. Bf4 Kc8 12. Rad1 b6 13. Bh2 Bb4 14. Ne4
Be6 15. g4 Bd5 16. gxf5 Bxe4 17. Nd4 g6 18. f6 c5 19. f3 Bd5 20. Nf5 Bc4 21.
Ne7+ Kb7 22. c3 Ba5 23. Rfe1 Rad8 24. Rxd8 Rxd8 25. Re4 Bxa2 26. e6 Rd1+ 27.
Kf2 Rd2+ 28. Kg3 Rd6 29. c4 Bxc4 30. Rxc4 Rxe6 31. Ng8 Bd2 32. Re4 Rxe4 33.
fxe4 Kc6 34. Kf3 c4 35. Bf4 Bxf4 36. Kxf4 g5+ 37. Kf5 1-0

[Event "Aeroflot Open 2006"]
[Site "Moscu RUS"]
[Date "2006.02.08"]
[Round "1.10"]
[White "Khalifman, Alexander"]
[Black "Azarov, Sergei"]
[Result "1/2-1/2"]
[WhiteElo "2660"]
[BlackElo "2581"]
[PlyCount "43"]
[EventDate "2006.02.08"]
[EventType "swiss"]
[EventRounds "9"]
[EventCountry "RUS"]
[Source "lmi"]
[SourceDate "2006.02.18"]

1. e4 e5 2. Nf3 Nc6 3. Bb5 a6 4. Ba4 Nf6 5. O-O Be7 6. Re1 b5 7. Bb3 O-O 8. d4
d6 9. c3 Bg4 10. Be3 exd4 11. cxd4 Na5 12. Bc2 c5 13. dxc5 dxc5 14. Nc3 Nc6 15.
e5 Qxd1 16. Raxd1 Bxf3 17. exf6 Bxd1 18. fxe7 Bxc2 19. exf8=Q+ Rxf8 20. Bxc5
Rd8 21. Bb6 Rb8 22. Nd5 1/2-1/2

[Event "Aeroflot Open 2006"]
[Site "Moscu RUS"]
[Date "2006.02.08"]
[Round "1.11"]
[White "Al-Modiahki, Mohamad"]
[Black "Moiseenko, Alexander"]
[Result "1/2-1/2"]
[WhiteElo "2579"]
[BlackElo "2657"]
[PlyCount "36"]
[EventDate "2006.02.08"]
[EventType "swiss"]
[EventRounds "9"]
[EventCountry "RUS"]
[Source "lmi"]
[SourceDate "2006.02.18"]

1. e4 c5 2. Nf3 Nc6 3. Bb5 d6 4. O-O Bd7 5. c3 Nf6 6. Re1 a6 7. Ba4 b5 8. Bc2
Bg4 9. d3 e6 10. Nbd2 Be7 11. h3 Bh5 12. Nf1 O-O 13. Ng3 Bg6 14. Nh4 d5 15.
Nxg6 hxg6 16. exd5 Nxd5 17. Ne4 Qd7 18. h4 Nf6 1/2-1/2

[Event "Aeroflot Open 2006"]
[Site "Moscu RUS"]
[Date "2006.02.08"]
[Round "1.13"]
[White "Postny, Evgeny"]
[Black "Eljanov, Pavel"]
[Result "0-1"]
[WhiteElo "2578"]
[BlackElo "2655"]
[PlyCount "138"]
[EventDate "2006.02.08"]
[EventType "swiss"]
[EventRounds "9"]
[EventCountry "RUS"]
[Source "lmi"]
[SourceDate "2006.02.18"]

1. d4 Nf6 2. c4 g6 3. f3 Nc6 4. d5 Ne5 5. e4 d6 6. Ne2 Bg7 7. Nec3 O-O 8. Be2
e6 9. O-O exd5 10. cxd5 c6 11. Be3 cxd5 12. exd5 Re8 13. Qd2 Bf5 14. Na3 a6 15.
Rac1 Rc8 16. Nc2 Nc4 17. Bxc4 Rxc4 18. Rfe1 Nd7 19. Na3 Rc8 20. Ne2 Rxc1 21.
Nxc1 Nc5 22. b3 b5 23. Nc2 Bxc2 24. Qxc2 Bd4 25. Qd2 Qf6 26. Bxd4 Rxe1+ 27. Kf2
Re5 28. Bxe5 Qxe5 29. h3 b4 30. Ne2 a5 31. Ng3 h5 32. Nf1 Qf6 33. Ke2 Nd7 34.
Ne3 Qe5 35. Kf2 Nb6 36. Kf1 f5 37. Nc4 Nxc4 38. bxc4 Kf7 39. Kf2 h4 40. Qc2
Qd4+ 41. Kf1 Ke7 42. c5 Qxc5 43. Qe2+ Kd8 44. Qe6 Qc4+ 45. Ke1 Qc3+ 46. Kd1
Qa1+ 47. Kc2 Qxa2+ 48. Kc1 Qa1+ 49. Kc2 Qc3+ 50. Kb1 Qe5 51. Qf7 a4 52. Qb7
Qe1+ 53. Kc2 b3+ 54. Kd3 Qd1+ 55. Ke3 Qc1+ 56. Ke2 b2 57. Qb8+ Ke7 58. Qa7+ Kf6
59. Qd4+ Kf7 60. Qa7+ Kg8 61. Qxa4 Qg5 62. Qa8+ Kh7 63. Qb7+ Kh6 64. Qb8 Qxg2+
65. Ke3 f4+ 66. Kd3 Qxf3+ 67. Kc2 Qe2+ 68. Kb1 Qe5 69. Qd8 Kh5 0-1

[Event "Aeroflot Open 2006"]
[Site "Moscu RUS"]
[Date "2006.02.08"]
[Round "1.14"]
[White "Aleksandrov, Aleksej"]
[Black "Khismatullin, Denis"]
[Result "1/2-1/2"]
[WhiteElo "2653"]
[BlackElo "2576"]
[PlyCount "97"]
[EventDate "2006.02.08"]
[EventType "swiss"]
[EventRounds "9"]
[EventCountry "RUS"]
[Source "lmi"]
[SourceDate "2006.02.18"]

1. d4 Nf6 2. c4 e6 3. Nc3 Bb4 4. e3 O-O 5. Bd3 d5 6. Nf3 b6 7. a3 Be7 8. cxd5
exd5 9. Ne5 c5 10. O-O Bb7 11. Qf3 Nc6 12. Rd1 Qc7 13. Qg3 Nxe5 14. dxe5 Nh5
15. Qh3 g6 16. f4 Rad8 17. Bd2 Ng7 18. Be1 f6 19. Nb5 Qb8 20. Bh4 Bc8 21. Qg3
Nf5 22. Bxf5 Bxf5 23. Rd2 a6 24. Nc3 d4 25. Ne2 d3 26. Nc3 Qb7 27. Re1 Be4 28.
f5 Bxf5 29. e4 Be6 30. exf6 Bxf6 31. Bxf6 Rxf6 32. Rxd3 Rxd3 33. Qxd3 Rf8 34.
h3 Qf7 35. Qe3 Rd8 36. Qg5 Rf8 37. Qe3 Rd8 38. e5 Qd7 39. Rd1 Qe7 40. Rxd8+
Qxd8 41. Ne4 Kg7 42. Nd6 Qh4 43. Kh2 a5 44. Ne8+ Kg8 45. Nf6+ Kg7 46. Qf3 Qg5
47. Ne8+ Kg8 48. Nf6+ Kg7 49. Ne8+ 1/2-1/2

[Event "Aeroflot Open 2006"]
[Site "Moscu RUS"]
[Date "2006.02.08"]
[Round "1.15"]
[White "Minasian, Artashes"]
[Black "Timofeev, Artyom"]
[Result "0-1"]
[WhiteElo "2574"]
[BlackElo "2653"]
[PlyCount "74"]
[EventDate "2006.02.08"]
[EventType "swiss"]
[EventRounds "9"]
[EventCountry "RUS"]
[Source "lmi"]
[SourceDate "2006.02.18"]

1. e4 c5 2. Nc3 Nc6 3. g3 g6 4. Bg2 Bg7 5. d3 d6 6. f4 e6 7. Nf3 Nge7 8. Be3
Nd4 9. Qd2 Nec6 10. O-O O-O 11. Ne1 Qa5 12. g4 f5 13. gxf5 gxf5 14. Kh1 Bd7 15.
Nd1 Qxd2 16. Bxd2 fxe4 17. dxe4 Bh6 18. Rf2 Ne7 19. c3 Ndc6 20. Bh3 Rad8 21.
Ng2 d5 22. exd5 exd5 23. Bxd7 Rxd7 24. Nde3 Ne5 25. Re2 Nd3 26. Ng4 Bg7 27. Ne5
Bxe5 28. fxe5 Nf2+ 29. Kg1 Nh3+ 30. Kh1 Nf2+ 31. Kg1 Nh3+ 32. Kh1 Ng6 33. Be3
Rdf7 34. Ree1 Nxe5 35. Bxc5 Nd3 36. Nf4 Ndf2+ 37. Kg2 Nxf4+ 0-1

[Event "Aeroflot Open 2006"]
[Site "Moscu RUS"]
[Date "2006.02.08"]
[Round "1.16"]
[White "Izoria, Zviad"]
[Black "Erenburg, Sergey"]
[Result "1/2-1/2"]
[WhiteElo "2652"]
[BlackElo "2573"]
[PlyCount "37"]
[EventDate "2006.02.08"]
[EventType "swiss"]
[EventRounds "9"]
[EventCountry "RUS"]
[Source "lmi"]
[SourceDate "2006.02.18"]

1. e4 e5 2. Nf3 Nf6 3. Nxe5 d6 4. Nf3 Nxe4 5. Nc3 Nxc3 6. dxc3 Be7 7. Bf4 Nc6
8. Qd2 Be6 9. O-O-O Qd7 10. Kb1 a6 11. Nd4 Nxd4 12. cxd4 d5 13. Bd3 Bd6 14.
Rde1 O-O 15. Be5 Bxe5 16. Rxe5 f6 17. Re3 Rfe8 18. Rhe1 Qd6 19. g3 1/2-1/2

[Event "Aeroflot Open 2006"]
[Site "Moscu RUS"]
[Date "2006.02.08"]
[Round "1.18"]
[White "Sakaev, Konstantin"]
[Black "Rustemov, Alexander"]
[Result "1/2-1/2"]
[WhiteElo "2649"]
[BlackElo "2573"]
[PlyCount "41"]
[EventDate "2006.02.08"]
[EventType "swiss"]
[EventRounds "9"]
[EventCountry "RUS"]
[Source "lmi"]
[SourceDate "2006.02.18"]

1. e4 e5 2. Nf3 Nf6 3. d4 Nxe4 4. Bd3 d5 5. Nxe5 Nd7 6. Nxd7 Bxd7 7. O-O Bd6 8.
Nc3 Nxc3 9. bxc3 Qh4 10. g3 Qg4 11. Re1+ Kf8 12. Qxg4 Bxg4 13. Rb1 b6 14. Bb5
Rd8 15. Bc6 Be6 16. Kg2 h6 17. Re2 Kg8 18. Bd2 Kh7 19. Rbe1 Rhf8 20. h3 Ba3 21.
Bf4 1/2-1/2

[Event "Aeroflot Open 2006"]
[Site "Moscu RUS"]
[Date "2006.02.08"]
[Round "1.20"]
[White "Savchenko, Boris"]
[Black "Georgiev, Kiril"]
[Result "1-0"]
[WhiteElo "2569"]
[BlackElo "2645"]
[PlyCount "103"]
[EventDate "2006.02.08"]
[EventType "swiss"]
[EventRounds "9"]
[EventCountry "RUS"]
[Source "lmi"]
[SourceDate "2006.02.18"]

1. e4 Nc6 2. Nf3 e5 3. d4 exd4 4. Nxd4 Bc5 5. Nxc6 Qf6 6. Qf3 Qxf3 7. gxf3 bxc6
8. Be3 Bb6 9. c4 Bxe3 10. fxe3 Ne7 11. Nc3 d6 12. c5 Be6 13. O-O-O Rd8 14. Rd4
O-O 15. Ra4 Ra8 16. Ba6 Rfb8 17. Rd1 d5 18. Rdd4 dxe4 19. Rxe4 Kf8 20. Bd3 g6
21. Ra5 Bf5 22. Rd4 Bxd3 23. Rxd3 f5 24. Ne2 Rb5 25. Rxb5 cxb5 26. Nd4 c6 27.
Ne6+ Kf7 28. Rd6 Rc8 29. Kd2 a5 30. e4 fxe4 31. fxe4 h6 32. Kd3 g5 33. Nd4 h5
34. e5 g4 35. Ke4 h4 36. Rf6+ Kg8 37. Rf4 g3 38. Rxh4 gxh2 39. Rxh2 Rd8 40. Rf2
a4 41. e6 b4 42. Rf7 Re8 43. Ke5 b3 44. axb3 axb3 45. Nxb3 Ng6+ 46. Kf6 Nf4 47.
Nd4 Nd5+ 48. Ke5 Nb4 49. Nf5 Nd3+ 50. Kf6 Nf4 51. Ne7+ Kh8 52. b4 1-0

[Event "Aeroflot Open 2006"]
[Site "Moscu RUS"]
[Date "2006.02.08"]
[Round "1.22"]
[White "Balogh, Csaba"]
[Black "Zhang, Pengxiang"]
[Result "1-0"]
[WhiteElo "2561"]
[BlackElo "2638"]
[PlyCount "49"]
[EventDate "2006.02.08"]
[EventType "swiss"]
[EventRounds "9"]
[EventCountry "RUS"]
[Source "lmi"]
[SourceDate "2006.02.18"]

1. e4 c5 2. Nf3 Nc6 3. d4 cxd4 4. Nxd4 Qb6 5. Nb3 Nf6 6. Nc3 e6 7. Qe2 Qc7 8.
g4 d6 9. g5 Nd7 10. Be3 a6 11. O-O-O b5 12. f4 Be7 13. h4 Nb6 14. Qf2 Rb8 15.
Kb1 Na4 16. Ne2 Bb7 17. Ng3 Rc8 18. h5 Na5 19. Bd4 Nc4 20. h6 e5 21. hxg7 Rg8
22. Rxh7 Rxg7 23. Rxg7 exd4 24. Rg8+ Bf8 25. Bxc4 1-0

[Event "Aeroflot Open 2006"]
[Site "Moscu RUS"]
[Date "2006.02.08"]
[Round "1.23"]
[White "Alekseev, Evgeny"]
[Black "Sorokin, Maxim"]
[Result "1-0"]
[WhiteElo "2634"]
[BlackElo "2560"]
[PlyCount "65"]
[EventDate "2006.02.08"]
[EventType "swiss"]
[EventRounds "9"]
[EventCountry "RUS"]
[Source "lmi"]
[SourceDate "2006.02.18"]

1. e4 e5 2. Nf3 Nc6 3. Bb5 a6 4. Ba4 Nf6 5. O-O Be7 6. Re1 b5 7. Bb3 d6 8. c3
O-O 9. h3 Nb8 10. d4 Nbd7 11. Nbd2 Bb7 12. Bc2 c5 13. d5 c4 14. b3 Qc7 15. bxc4
bxc4 16. Rb1 Rab8 17. Qe2 Rfc8 18. Ba3 Nb6 19. Rb2 Nfd7 20. Reb1 Ba8 21. g4 Nf8
22. Nxe5 dxe5 23. Bxe7 Qxe7 24. Rxb6 Rxb6 25. Rxb6 Qa3 26. Nxc4 Qxc3 27. Bd3
Ng6 28. Qd2 Qa1+ 29. Rb1 Qd4 30. Qe3 Qc3 31. Bf1 Qc2 32. Qb3 Qxe4 33. Nd6 1-0

[Event "Aeroflot Open 2006"]
[Site "Moscu RUS"]
[Date "2006.02.08"]
[Round "1.24"]
[White "Kharlov, Andrei"]
[Black "Movsesian, Sergei"]
[Result "0-1"]
[WhiteElo "2558"]
[BlackElo "2632"]
[PlyCount "99"]
[EventDate "2006.02.08"]
[EventType "swiss"]
[EventRounds "9"]
[EventCountry "RUS"]
[Source "lmi"]
[SourceDate "2006.02.18"]

1. d4 Nf6 2. c4 e6 3. Nc3 d5 4. cxd5 exd5 5. Bg5 Bb4 6. Rc1 h6 7. Bxf6 Qxf6 8.
a3 Bxc3+ 9. Rxc3 O-O 10. e3 c6 11. Nf3 Bf5 12. Ne5 Nd7 13. Nxd7 Bxd7 14. Bd3
Rfe8 15. O-O Qd6 16. Qb1 a5 17. Rfc1 Ra7 18. Qc2 a4 19. Qd2 Raa8 20. Rc5 b6 21.
R5c3 f5 22. g3 g6 23. Qc2 Kg7 24. Be2 Re7 25. Bf3 b5 26. Rxc6 Bxc6 27. Qxc6
Qxc6 28. Rxc6 Raa7 29. Bxd5 Rac7 30. Kf1 Rxc6 31. Bxc6 Rc7 32. d5 Rc8 33. Bxb5
Rb8 34. Bxa4 Rxb2 35. Bc6 Kf6 36. a4 Ke7 37. h3 g5 38. Kg2 Kd6 39. g4 fxg4 40.
hxg4 Ra2 41. Kf1 Ra1+ 42. Ke2 Ra2+ 43. Kd3 Rxf2 44. a5 h5 45. a6 h4 46. a7 Ra2
47. a8=Q Rxa8 48. Bxa8 h3 49. e4 Ke5 50. d6 0-1

[Event "Aeroflot Open 2006"]
[Site "Moscu RUS"]
[Date "2006.02.08"]
[Round "1.25"]
[White "Sadvakasov, Darmen"]
[Black "Kulaots, Kaido"]
[Result "1-0"]
[WhiteElo "2629"]
[BlackElo "2558"]
[PlyCount "49"]
[EventDate "2006.02.08"]
[EventType "swiss"]
[EventRounds "9"]
[EventCountry "RUS"]
[Source "lmi"]
[SourceDate "2006.02.18"]

1. e4 c5 2. Nf3 d6 3. d4 cxd4 4. Nxd4 Nf6 5. Nc3 a6 6. Be3 e6 7. g4 h6 8. Bg2
Nc6 9. h3 Ne5 10. Qe2 Qc7 11. f4 Nc4 12. O-O-O Bd7 13. Kb1 Nxe3 14. Qxe3 O-O-O
15. Rd3 Kb8 16. e5 dxe5 17. fxe5 Nh7 18. Ne4 Ba4 19. b3 Be8 20. Rhd1 Be7 21.
Nd6 Bxd6 22. exd6 Qa5 23. b4 Qg5 24. Qf3 Rd7 25. Nc6+ 1-0

[Event "Aeroflot Open 2006"]
[Site "Moscu RUS"]
[Date "2006.02.08"]
[Round "1.26"]
[White "Petrosian, Tigran L"]
[Black "Volkov, Sergey"]
[Result "1-0"]
[WhiteElo "2558"]
[BlackElo "2629"]
[PlyCount "147"]
[EventDate "2006.02.08"]
[EventType "swiss"]
[EventRounds "9"]
[EventCountry "RUS"]
[Source "lmi"]
[SourceDate "2006.02.18"]

1. e4 e6 2. d4 d5 3. Nc3 Nf6 4. Bg5 Bb4 5. e5 h6 6. Bd2 Bxc3 7. bxc3 Ne4 8. Qg4
Kf8 9. Bd3 Nxd2 10. Kxd2 c5 11. Nf3 c4 12. Be2 Nc6 13. a4 Bd7 14. h4 Be8 15.
Rh3 Rg8 16. h5 Ke7 17. Nh4 Qa5 18. Kc1 Kd8 19. f4 Bd7 20. f5 exf5 21. Qf4 Ne7
22. g4 fxg4 23. Bxg4 Bxg4 24. Qxg4 Qa6 25. Rf3 Qe6 26. Qxe6 fxe6 27. Kd2 Kd7
28. Rb1 Rab8 29. Rf7 Ke8 30. Rbf1 Nf5 31. R1xf5 exf5 32. e6 Rc8 33. Rxb7 Rf8
34. Ng6 Rf6 35. Nf4 Rc6 36. Rxg7 Rfxe6 37. Nxe6 Rxe6 38. Rxa7 f4 39. Ra5 Rd6
40. Ke2 Re6+ 41. Kf3 Re3+ 42. Kxf4 Rxc3 43. Ke5 Rxc2 44. Kxd5 Rc1 45. Rc5 Kd7
46. a5 c3 47. Kc4 c2 48. Kb3 Rd1 49. Rxc2 Rxd4 50. a6 Rf4 51. a7 Rf8 52. Ra2
Ra8 53. Ra6 Kc7 54. Rxh6 Kb7 55. Rh7+ Kb6 56. Kb2 Rf8 57. Ka1 Rf1+ 58. Ka2 Rf2+
59. Ka3 Rf3+ 60. Ka4 Rf1 61. Kb4 Ra1 62. Kb3 Ra5 63. Kc3 Kc5 64. Kd3 Kd5 65.
Ke3 Ke5 66. Kd3 Kd5 67. Ke3 Ke5 68. Kd2 Kd5 69. Ke1 Ra1+ 70. Kf2 Ke5 71. h6
Ra2+ 72. Ke1 Kf5 73. Rf7+ Kg6 74. h7 1-0

[Event "Aeroflot Open 2006"]
[Site "Moscu RUS"]
[Date "2006.02.08"]
[Round "1.27"]
[White "Fressinet, Laurent"]
[Black "Svetushkin, Dmitry"]
[Result "1-0"]
[WhiteElo "2625"]
[BlackElo "2557"]
[PlyCount "69"]
[EventDate "2006.02.08"]
[EventType "swiss"]
[EventRounds "9"]
[EventCountry "RUS"]
[Source "lmi"]
[SourceDate "2006.02.18"]

1. d4 d5 2. c4 c6 3. Nf3 Nf6 4. Nc3 a6 5. c5 Nbd7 6. Bf4 Nh5 7. e3 b6 8. cxb6
Nxf4 9. exf4 e6 10. Bd3 Bd6 11. g3 Qxb6 12. O-O g6 13. Na4 Qa7 14. Rc1 Bb7 15.
Qc2 Rc8 16. Nc5 Nxc5 17. dxc5 Bb8 18. Rfe1 O-O 19. h4 Rce8 20. h5 Ba8 21. Kg2
f5 22. hxg6 hxg6 23. Qc3 Qg7 24. Qxg7+ Kxg7 25. Bxa6 Rf7 26. a3 Ra7 27. Bd3 Kf6
28. Rc3 e5 29. fxe5+ Bxe5 30. Rc2 Rae7 31. Nxe5 Rxe5 32. Rxe5 Rxe5 33. Kf1 g5
34. Re2 Bb7 35. f4 1-0

[Event "Aeroflot Open 2006"]
[Site "Moscu RUS"]
[Date "2006.02.08"]
[Round "1.28"]
[White "Yevseev, Denis"]
[Black "Kempinski, Robert"]
[Result "1/2-1/2"]
[WhiteElo "2557"]
[BlackElo "2619"]
[PlyCount "70"]
[EventDate "2006.02.08"]
[EventType "swiss"]
[EventRounds "9"]
[EventCountry "RUS"]
[Source "lmi"]
[SourceDate "2006.02.18"]

1. d4 Nf6 2. c4 g6 3. Nc3 Bg7 4. e4 O-O 5. Nf3 c6 6. Bd3 d6 7. h3 e5 8. Be3
exd4 9. Bxd4 Re8 10. O-O Nbd7 11. Re1 Ne5 12. Bf1 Nfd7 13. Nd2 Nc5 14. Nb3 Qf6
15. Be3 g5 16. Nxc5 dxc5 17. Bxc5 g4 18. hxg4 Nxg4 19. Be2 Qh4 20. Bxg4 Bxg4
21. f3 Be6 22. Bf2 Qh5 23. f4 Bg4 24. Qd6 Rad8 25. Qc5 Qxc5 26. Bxc5 b6 27. Bf2
Rd2 28. e5 Rxb2 29. Ne4 Rd8 30. Nd6 c5 31. Bh4 Rd7 32. a4 f6 33. a5 fxe5 34.
axb6 Rxb6 35. fxe5 Rbxd6 1/2-1/2

[Event "Aeroflot Open 2006"]
[Site "Moscu RUS"]
[Date "2006.02.08"]
[Round "1.29"]
[White "Miroshnichenko, Evgenij"]
[Black "Tregubov, Pavel V"]
[Result "0-1"]
[WhiteElo "2619"]
[BlackElo "2556"]
[PlyCount "82"]
[EventDate "2006.02.08"]
[EventType "swiss"]
[EventRounds "9"]
[EventCountry "RUS"]
[Source "lmi"]
[SourceDate "2006.02.18"]

1. d4 d5 2. Nf3 c6 3. c4 e6 4. Qc2 dxc4 5. e4 b5 6. b3 cxb3 7. axb3 Nf6 8. Bd2
Bb7 9. Bd3 a5 10. O-O Be7 11. Nc3 Na6 12. Ne2 Nb4 13. Bxb4 Bxb4 14. Nf4 Rc8 15.
Rfd1 h6 16. Bf1 O-O 17. e5 Nd5 18. Nh5 g6 19. Ng3 c5 20. Qe4 Qe7 21. Qg4 Nc3
22. Rdc1 Rfd8 23. dxc5 Rxc5 24. Re1 Bxf3 25. Qxf3 Rdd5 26. Rac1 Qc7 27. Qf4 h5
28. Rc2 Rxe5 29. Rec1 Ba3 30. Ra1 Nd5 31. Rxc5 Bxc5 32. Qf3 b4 33. Bd3 Kg7 34.
Ne4 Bd4 35. Rf1 Qe7 36. Nd2 Nc3 37. Nc4 Rc5 38. Qa8 Qc7 39. Qa6 e5 40. Re1 a4
41. bxa4 Rc6 0-1

[Event "Aeroflot Open 2006"]
[Site "Moscu RUS"]
[Date "2006.02.09"]
[Round "2.1"]
[White "Ni, Hua"]
[Black "Malakhov, Vladimir"]
[Result "1/2-1/2"]
[WhiteElo "2614"]
[BlackElo "2694"]
[PlyCount "35"]
[EventDate "2006.02.08"]
[EventType "swiss"]
[EventRounds "9"]
[EventCountry "RUS"]
[Source "lmi"]
[SourceDate "2006.02.18"]

1. e4 c5 2. Nf3 Nc6 3. Bb5 g6 4. O-O Bg7 5. c3 Nf6 6. e5 Nd5 7. d4 cxd4 8. cxd4
O-O 9. Nc3 Nc7 10. Re1 d6 11. Bxc6 bxc6 12. exd6 Qxd6 13. Bg5 Re8 14. Qd2 Ne6
15. Ne4 Qd5 16. Nc3 Qd6 17. Ne4 Qd5 18. Nc3 1/2-1/2

[Event "Aeroflot Open 2006"]
[Site "Moscu RUS"]
[Date "2006.02.09"]
[Round "2.3"]
[White "Popov, Valerij"]
[Black "Jakovenko, Dmitry"]
[Result "1/2-1/2"]
[WhiteElo "2592"]
[BlackElo "2662"]
[PlyCount "23"]
[EventDate "2006.02.08"]
[EventType "swiss"]
[EventRounds "9"]
[EventCountry "RUS"]
[Source "lmi"]
[SourceDate "2006.02.18"]

1. e4 e5 2. Nf3 Nc6 3. Bb5 a6 4. Ba4 Nf6 5. O-O Be7 6. Re1 b5 7. Bb3 O-O 8. c3
d6 9. h3 Re8 10. Ng5 Rf8 11. Nf3 Re8 12. Ng5 1/2-1/2

[Event "Aeroflot Open 2006"]
[Site "Moscu RUS"]
[Date "2006.02.09"]
[Round "2.4"]
[White "Guliyev, Namig"]
[Black "Naiditsch, Arkadij"]
[Result "0-1"]
[WhiteElo "2588"]
[BlackElo "2657"]
[PlyCount "154"]
[EventDate "2006.02.08"]
[EventType "swiss"]
[EventRounds "9"]
[EventCountry "RUS"]
[Source "lmi"]
[SourceDate "2006.02.18"]

1. e4 e5 2. Nf3 Nc6 3. Bb5 Nf6 4. O-O Nxe4 5. d4 Nd6 6. Bxc6 dxc6 7. dxe5 Nf5
8. Qxd8+ Kxd8 9. Nc3 h6 10. h3 Bd7 11. b3 Ne7 12. Rd1 Kc8 13. Bb2 b6 14. Ne2
Ng6 15. Rd2 c5 16. Rad1 Be6 17. c4 Be7 18. Nc3 Kb7 19. Kh2 a5 20. g3 Rad8 21.
Rxd8 Bxd8 22. g4 Bg5 23. Bc1 Bxc1 24. Rxc1 a4 25. Nxa4 Nf4 26. Nc3 h5 27. Kg3
Nxh3 28. gxh5 Rxh5 29. Ne4 Rf5 30. Re1 Nf4 31. Neg5 Bd7 32. Re3 Nh5+ 33. Kh2
Bc6 34. Kh3 f6 35. exf6 gxf6 36. Kg4 Ng7 37. Nh3 Rh5 38. Nhg1 Bd7+ 39. Kf4 Nf5
40. Rd3 Nd6 41. Ke3 Rh7 42. Kd2 Bc6 43. Ne2 Rh3 44. Neg1 Rh1 45. Ke3 Rh7 46.
Ne2 b5 47. Ng3 bxc4 48. bxc4 Nxc4+ 49. Kf4 Nb6 50. Kf5 Rh6 51. Ke6 c4 52. Ra3
Bd5+ 53. Kf5 Nc8 54. Kf4 Nd6 55. Re3 Kb6 56. Ne2 Kc5 57. Nc3 Bc6 58. a3 Rh1 59.
Kg4 Rf1 60. Re2 Rc1 61. Na2 Ra1 62. Ne1 Nb5 63. Nb4 Bd7+ 64. Kf4 Rxa3 65. Nbc2
Rb3 66. Re7 Kd6 67. Rg7 Rb2 68. Rg6 Ke6 69. f3 c5 70. Ne3 Re2 71. N1c2 c3 72.
Ke4 Rd2 73. Rg1 Nd4 74. Re1 Kf7 75. Na3 c2 76. Nac4 Bc6+ 77. Kf4 Ne2+ 0-1

[Event "Aeroflot Open 2006"]
[Site "Moscu RUS"]
[Date "2006.02.09"]
[Round "2.5"]
[White "Eljanov, Pavel"]
[Black "Savchenko, Boris"]
[Result "1-0"]
[WhiteElo "2655"]
[BlackElo "2569"]
[PlyCount "69"]
[EventDate "2006.02.08"]
[EventType "swiss"]
[EventRounds "9"]
[EventCountry "RUS"]
[Source "lmi"]
[SourceDate "2006.02.18"]

1. d4 Nf6 2. c4 c6 3. Nc3 d5 4. Nf3 a6 5. c5 Nbd7 6. Bf4 Nh5 7. Bg5 h6 8. Bd2
Nhf6 9. Qc2 e6 10. e4 b6 11. exd5 exd5 12. cxb6 Nxb6 13. O-O-O Bd7 14. Kb1 Be7
15. Ne5 O-O 16. Rg1 c5 17. dxc5 Bxc5 18. g4 Bxf2 19. Rg2 Bd4 20. Nxd7 Nfxd7 21.
g5 hxg5 22. Bxg5 Bf6 23. Nxd5 Bxg5 24. Nxb6 Qxb6 25. Rxg5 Qh6 26. Qg2 Nf6 27.
Bc4 Rab8 28. Rg1 Ne8 29. Bxa6 Rb4 30. Bb5 g6 31. Qd5 Qh7 32. Bd3 Kg7 33. Rh5
Qg8 34. Qe5+ Nf6 35. Rf5 1-0

[Event "Aeroflot Open 2006"]
[Site "Moscu RUS"]
[Date "2006.02.09"]
[Round "2.6"]
[White "Timofeev, Artyom"]
[Black "Balogh, Csaba"]
[Result "1/2-1/2"]
[WhiteElo "2653"]
[BlackElo "2561"]
[PlyCount "54"]
[EventDate "2006.02.08"]
[EventType "swiss"]
[EventRounds "9"]
[EventCountry "RUS"]
[Source "lmi"]
[SourceDate "2006.02.18"]

1. e4 c5 2. Nf3 d6 3. d4 cxd4 4. Nxd4 Nf6 5. Nc3 Nc6 6. Bg5 e6 7. Qd2 a6 8.
O-O-O h6 9. Be3 Bd7 10. f3 b5 11. Nxc6 Bxc6 12. Ne2 Qc7 13. Nd4 Bb7 14. Kb1 e5
15. Nf5 d5 16. exd5 Nxd5 17. Bd3 g6 18. Ng3 O-O-O 19. Ba7 Bc5 20. Bxc5 Qxc5 21.
Ne4 Qe3 22. Qa5 f5 23. Rhe1 Qb6 24. Qxb6 Nxb6 25. Nc5 Rhe8 26. Kc1 Kc7 27. Nxb7
Kxb7 1/2-1/2

[Event "Aeroflot Open 2006"]
[Site "Moscu RUS"]
[Date "2006.02.09"]
[Round "2.7"]
[White "Asrian, Karen"]
[Black "Petrosian, Tigran L"]
[Result "1/2-1/2"]
[WhiteElo "2646"]
[BlackElo "2558"]
[PlyCount "39"]
[EventDate "2006.02.08"]
[EventType "swiss"]
[EventRounds "9"]
[EventCountry "RUS"]
[Source "lmi"]
[SourceDate "2006.02.18"]

1. e4 c5 2. Nf3 d6 3. d4 cxd4 4. Nxd4 Nf6 5. Nc3 a6 6. Be3 e5 7. Nf3 Qc7 8. a4
b6 9. Nd5 Nxd5 10. Qxd5 Nc6 11. Qd2 Be7 12. Bc4 Nd4 13. Qc3 Be6 14. Bxd4 exd4
15. Bb5+ Kd8 16. Qxc7+ Kxc7 17. Bd3 Bf6 18. O-O Rhe8 19. Rfe1 Bd7 20. Nd2
1/2-1/2

[Event "Aeroflot Open 2006"]
[Site "Moscu RUS"]
[Date "2006.02.09"]
[Round "2.8"]
[White "Tregubov, Pavel V"]
[Black "Bu, Xiangzhi"]
[Result "1/2-1/2"]
[WhiteElo "2556"]
[BlackElo "2645"]
[PlyCount "111"]
[EventDate "2006.02.08"]
[EventType "swiss"]
[EventRounds "9"]
[EventCountry "RUS"]
[Source "lmi"]
[SourceDate "2006.02.18"]

1. d4 d5 2. c4 c6 3. Nf3 Nf6 4. e3 g6 5. Bd3 Bg7 6. O-O O-O 7. Nbd2 Bf5 8. Bxf5
gxf5 9. Qc2 e6 10. Nb3 Ne4 11. Bd2 Nxd2 12. Nfxd2 Nd7 13. f3 Rc8 14. Qd3 Qe7
15. Rfe1 dxc4 16. Nxc4 c5 17. Ncd2 Rfd8 18. Rac1 cxd4 19. Rxc8 Rxc8 20. exd4
Qd6 21. Rd1 Nb6 22. Nb1 Bh6 23. Nc3 Nc4 24. Qe2 Ne3 25. Rd3 Nd5 26. Nxd5 Qxd5
27. Rc3 Rd8 28. Qc4 Qd6 29. Qc7 Be3+ 30. Kf1 Bxd4 31. Qxd6 Rxd6 32. Nxd4 Rxd4
33. Rc7 Rb4 34. b3 Rb6 35. f4 Ra6 36. Rxb7 Rxa2 37. b4 Kg7 38. b5 Kg6 39. h3
Ra4 40. g3 Ra2 41. Kg1 h5 42. h4 Kf6 43. b6 axb6 44. Rxb6 Ra7 45. Kf2 Kg7 46.
Kf3 Re7 47. Ra6 f6 48. Kf2 Kf7 49. Kf3 Rb7 50. Ra5 Ke7 51. Ra6 Rc7 52. Ra8 Rc3+
53. Kf2 Rc2+ 54. Ke3 Rc3+ 55. Kf2 Rc2+ 56. Ke3 1/2-1/2